00977nam a2200229 a 450000100100000000500170001000800410002704000250006824500990009326000360019230000260022849000940025465000300034865000240037865000200040265000190042270000370044170000370047895201050051595201100062099900170073000003627420200930075636.0120112s1986 xxua 000 0 eng d aDO-SdBNPbspacBNPHU00aManagement of soft tissue and bone sarcomas /ceditors A. T. van Oosterom, J. A. M. van Unnik. aNew York :bRaven Press,c1986. axix, 309 p. ;c24 cm.0 aMonograph series of the European Organization for Research on Treatment of Cancer ;vv.1624aTejidos conectivos96238924aOsteosarcoma96239024aSarcomas96239124aTumores9623921 aOosterom, A. T. van,eed.9623931 aUnnik, J. A. M. van,eed.962394 001050718MOaGRbGRcCTd2012-01-12iLF1l0o p36274-10r2020-06-25w2020-06-25y1ZNo se presta 001050718MOaGRbGRcCTd2012-01-12iLF1l0o p36274-20r2020-06-25te.2w2020-06-25y1ZNo se presta c35765d35765